<?xml version="1.0" encoding="UTF-8"?><?xml-stylesheet type="text/xsl" href="static/style.xsl"?><OAI-PMH xmlns="http://www.openarchives.org/OAI/2.0/" xmlns:xsi="http://www.w3.org/2001/XMLSchema-instance" xsi:schemaLocation="http://www.openarchives.org/OAI/2.0/ http://www.openarchives.org/OAI/2.0/OAI-PMH.xsd"><responseDate>2026-04-18T02:58:50Z</responseDate><request verb="GetRecord" identifier="oai:www.recercat.cat:20.500.12327/2290" metadataPrefix="marc">https://recercat.cat/oai/request</request><GetRecord><record><header><identifier>oai:recercat.cat:20.500.12327/2290</identifier><datestamp>2025-10-22T11:25:07Z</datestamp><setSpec>com_2072_4428</setSpec><setSpec>com_2072_4427</setSpec><setSpec>col_2072_487898</setSpec></header><metadata><record xmlns="http://www.loc.gov/MARC21/slim" xmlns:dcterms="http://purl.org/dc/terms/" xmlns:xsi="http://www.w3.org/2001/XMLSchema-instance" xmlns:doc="http://www.lyncode.com/xoai" xsi:schemaLocation="http://www.loc.gov/MARC21/slim http://www.loc.gov/standards/marcxml/schema/MARC21slim.xsd">
   <leader>00925njm 22002777a 4500</leader>
   <datafield ind2=" " ind1=" " tag="042">
      <subfield code="a">dc</subfield>
   </datafield>
   <datafield ind2=" " ind1=" " tag="720">
      <subfield code="a">Crespo-Piazuelo, Daniel</subfield>
      <subfield code="e">author</subfield>
   </datafield>
   <datafield ind2=" " ind1=" " tag="720">
      <subfield code="a">Acloque, Hervé</subfield>
      <subfield code="e">author</subfield>
   </datafield>
   <datafield ind2=" " ind1=" " tag="720">
      <subfield code="a">González-Rodríguez, Olga</subfield>
      <subfield code="e">author</subfield>
   </datafield>
   <datafield ind2=" " ind1=" " tag="720">
      <subfield code="a">Mongellaz, Mayrone</subfield>
      <subfield code="e">author</subfield>
   </datafield>
   <datafield ind2=" " ind1=" " tag="720">
      <subfield code="a">Mercat, Marie-José</subfield>
      <subfield code="e">author</subfield>
   </datafield>
   <datafield ind2=" " ind1=" " tag="720">
      <subfield code="a">Bink, Marco C A M</subfield>
      <subfield code="e">author</subfield>
   </datafield>
   <datafield ind2=" " ind1=" " tag="720">
      <subfield code="a">Huisman, Abe E</subfield>
      <subfield code="e">author</subfield>
   </datafield>
   <datafield ind2=" " ind1=" " tag="720">
      <subfield code="a">Ramayo-Caldas, Yuliaxis</subfield>
      <subfield code="e">author</subfield>
   </datafield>
   <datafield ind2=" " ind1=" " tag="720">
      <subfield code="a">Sanchez, Juan Pablo</subfield>
      <subfield code="e">author</subfield>
   </datafield>
   <datafield ind2=" " ind1=" " tag="720">
      <subfield code="a">Ballester Devis, Maria</subfield>
      <subfield code="e">author</subfield>
   </datafield>
   <datafield ind2=" " ind1=" " tag="260">
      <subfield code="c">2023-06-24</subfield>
   </datafield>
   <datafield ind2=" " ind1=" " tag="520">
      <subfield code="a">Background&#xd;
In humans and livestock species, genome-wide association studies (GWAS) have been applied to study the association between variants distributed across the genome and a phenotype of interest. To discover genetic polymorphisms affecting the duodenum, liver, and muscle transcriptomes of 300 pigs from 3 different breeds (Duroc, Landrace, and Large White), we performed expression GWAS between 25,315,878 polymorphisms and the expression of 13,891 genes in duodenum, 12,748 genes in liver, and 11,617 genes in muscle.&#xd;
&#xd;
Results&#xd;
More than 9.68 × 1011 association tests were performed, yielding 14,096,080 significantly associated variants, which were grouped in 26,414 expression quantitative trait locus (eQTL) regions. Over 56% of the variants were within 1 Mb of their associated gene. In addition to the 100-kb region upstream of the transcription start site, we identified the importance of the 100-kb region downstream of the 3′UTR for gene regulation, as most of the cis-regulatory variants were located within these 2 regions. We also observed 39,874 hotspot regulatory polymorphisms associated with the expression of 10 or more genes that could modify the protein structure or the expression of a regulator gene. In addition, 2 motifs (5′-GATCCNGYGTTGCYG-3′ and a poly(A) sequence) were enriched across the 3 tissues within the neighboring sequences of the most significant single-nucleotide polymorphisms in each cis-eQTL region.&#xd;
&#xd;
Conclusions&#xd;
The 14 million significant associations obtained in this study are publicly available and have enabled the identification of expression-associated cis-, trans-, and hotspot regulatory variants within and across tissues, thus shedding light on the molecular mechanisms of regulatory variations that shape end-trait phenotypes.</subfield>
   </datafield>
   <datafield ind1="8" ind2=" " tag="024">
      <subfield code="a">Crespo-Piazuelo, Daniel, Hervé Acloque, Olga González-Rodríguez, Mayrone Mongellaz, Marie-José Mercat, Marco C A M Bink, Abe E Huisman, Yuliaxis Ramayo-Caldas, Juan Pablo Sánchez, and Maria Ballester. 2022. "Identification Of Transcriptional Regulatory Variants In Pig Duodenum, Liver, And Muscle Tissues". Gigascience 12. doi:10.1093/gigascience/giad042.</subfield>
   </datafield>
   <datafield ind1="8" ind2=" " tag="024">
      <subfield code="a">2047-217X</subfield>
   </datafield>
   <datafield ind1="8" ind2=" " tag="024">
      <subfield code="a">http://hdl.handle.net/20.500.12327/2290</subfield>
   </datafield>
   <datafield ind1="8" ind2=" " tag="024">
      <subfield code="a">https://doi.org/10.1093/gigascience/giad042</subfield>
   </datafield>
   <datafield ind2="0" ind1="0" tag="245">
      <subfield code="a">Identification of transcriptional regulatory variants in pig duodenum, liver, and muscle tissues</subfield>
   </datafield>
</record></metadata></record></GetRecord></OAI-PMH>